| 000 | 00531cam a22002171 4500 | ||
|---|---|---|---|
| 001 | sa 68015099 | ||
| 003 | DLC | ||
| 005 | 20260227112640.0 | ||
| 008 | 950203m19641968ii a 000 0 malo | ||
| 010 | _asa 68015099 | ||
| 025 | _aPL480:I-Mal-1442 | ||
| 035 | _a(OCoLC)31932020 | ||
| 040 |
_aDLC _cCU _dCU _dDLC |
||
| 042 | _apremarc | ||
| 050 | 0 | 0 |
_aPN6222.I5 _bS77 |
| 100 | 0 |
_aSukumar, _d1932- |
|
| 245 | 1 | 0 | _aPotujanaṃ palavidhaṃ. |
| 260 | _c[1964-68] | ||
| 300 |
_a2v. in 1. _billus. _c18cm. |
||
| 500 | _aIn Malayalam. | ||
| 999 |
_c86231 _d86231 |
||